[Event "Quebec op"]
[Site "Montreal"]
[Date "2023.07.31"]
[Round "4"]
[White "Gadbois, Patrick"]
[Black "Malakhovets, Sergey"]
[Result "0-1"]
[WhiteElo "1687"]
[BlackElo "1966"]
[PlyCount "48"]
[EventDate "2023.07.29"]
[EventType "swiss"]
[EventRounds "9"]
[EventCountry "CAN"]
[SourceTitle "CBM 215 Extra"]
[Source "ChessBase"]
[SourceDate "2023.09.30"]
[SourceVersion "1"]
[SourceVersionDate "2023.09.30"]
[SourceQuality "1"]

1. d4 d5 2. Nf3 Nf6 3. e3 Bf5 4. Bd3 e6 5. 0-0 Nbd7 6. b3 Bd6 7. Bb2 Ne4 8. c4 c6 9. Qc2 Bg6 10. Nbd2 f5 11. Ne5 Bxe5 12. dxe5 Ndc5 13. Bxe4 dxe4 14. Ba3 Nd3 15. Bd6 Qg5 16. f4 exf3 17. Rxf3 f4 18. e4 Nxe5 19. Bxe5 Qxe5 20. Raf1 0-0 21. g3 fxg3 22. hxg3 Rxf3 23. Rxf3 Qd4+ 24. Kh2 Rd8 0-1

[Event "Mauricie-ch"]
[Site "Trois Rivieres"]
[Date "2007.03.17"]
[Round "3"]
[White "Beaudoin, Stephane"]
[Black "Gadbois, Patrick"]
[Result "1-0"]
[WhiteElo "2059"]
[BlackElo "1901"]
[PlyCount "91"]
[EventDate "2007.03.16"]
[EventType "swiss"]
[EventRounds "5"]
[EventCountry "CAN"]
[SourceTitle "EXT 2022"]
[Source "ChessBase"]
[SourceDate "2021.10.06"]
[SourceVersion "1"]
[SourceVersionDate "2021.10.06"]
[SourceQuality "1"]

1. e4 e6 2. b3 d5 3. Bb2 dxe4 4. Nc3 Nf6 5. Qe2 Be7 6. 0-0-0 0-0 7. Nxe4 Nxe4 8. Qxe4 Bf6 9. d4 Qd5 10. Bd3 Qxe4 11. Bxe4 Nd7 12. Nf3 c5 13. Ne5 Nxe5 14. dxe5 Be7 15. Rd3 Rb8 16. Rhd1 b6 17. Kb1 Ba6 18. Rd7 Rfd8 19. Bf3 Bg5 20. Bc1 Bb5 21. Rxa7 Rxd1 22. Bxd1 Bh4 23. g3 Bd8 24. Bf3 g5 25. c4 Be8 26. a4 Kf8 27. Bd2 Be7 28. Ra8 Rxa8 29. Bxa8 Bd8 30. Ka2 h6 31. Ka3 Bc7 32. Bc3 Ke7 33. b4 Kd8 34. Bb7 Bb8 35. Be4 Kc7 36. f4 gxf4 37. gxf4 Bc6 38. Bxc6 Kxc6 39. b5+ Kb7 40. a5 bxa5 41. Bxa5 h5 42. Kb3 Ba7 43. Kc2 Kc8 44. Kd3 Kd7 45. Ke4 Ke7 46. Bc7 1-0

[Event "Mauricie-ch"]
[Site "Trois Rivieres"]
[Date "2007.03.17"]
[Round "2"]
[White "Gadbois, Patrick"]
[Black "Fareh, Youness"]
[Result "0-1"]
[WhiteElo "1901"]
[BlackElo "2161"]
[PlyCount "85"]
[EventDate "2007.03.16"]
[EventType "swiss"]
[EventRounds "5"]
[EventCountry "CAN"]
[SourceTitle "EXT 2022"]
[Source "ChessBase"]
[SourceDate "2021.10.06"]
[SourceVersion "1"]
[SourceVersionDate "2021.10.06"]
[SourceQuality "1"]

1. d4 Nf6 2. Nf3 g6 3. c4 Bg7 4. Nc3 0-0 5. e4 d6 6. Be2 e5 7. 0-0 exd4 8. Nxd4 Re8 9. f3 Nc6 10. Be3 Nh5 11. Qd2 Nf4 12. Nxc6 Nxe2+ 13. Nxe2 bxc6 14. Bd4 c5 15. Bxg7 Kxg7 16. b3 Qe7 17. Rfe1 Bb7 18. Rad1 Rad8 19. Nc3 f6 20. Nd5 Qf7 21. Qa5 Rd7 22. Qxa7 Bxd5 23. cxd5 f5 24. Qa5 fxe4 25. Qc3+ Qf6 26. Qxf6+ Kxf6 27. Rxe4 Rxe4 28. fxe4 Ke5 29. Re1 Rf7 30. g3 g5 31. h4 Rf3 32. Rb1 Kxe4 33. Kg2 g4 34. Rf1 Rxf1 35. Kxf1 Kxd5 36. Ke2 Kc6 37. Ke3 d5 38. Kf4 c4 39. b4 c3 40. Ke3 d4+ 41. Kd3 Kd5 42. a4 Kc6 43. a5 0-1

[Event "Montreal Mercredi 01"]
[Site "Montreal"]
[Date "2007.01.10"]
[Round "1"]
[White "Courval, Francois"]
[Black "Gadbois, Patrick"]
[Result "1-0"]
[WhiteElo "1898"]
[BlackElo "1916"]
[PlyCount "119"]
[EventDate "2007.01.10"]
[EventType "swiss"]
[EventRounds "5"]
[EventCountry "CAN"]
[SourceTitle "EXT 2022"]
[Source "ChessBase"]
[SourceDate "2021.10.06"]
[SourceVersion "1"]
[SourceVersionDate "2021.10.06"]
[SourceQuality "1"]

1. e4 e6 2. d4 d5 3. e5 c5 4. c3 Nc6 5. Nf3 Qb6 6. a3 c4 7. Nbd2 f6 8. exf6 Nxf6 9. g3 Bd6 10. b3 cxb3 11. Bb2 0-0 12. c4 Qa5 13. c5 Ne4 14. Be2 Be7 15. 0-0 Nxd2 16. Nxd2 e5 17. Nxb3 Qd8 18. dxe5 Bh3 19. Re1 a5 20. a4 Nb4 21. Rc1 Rc8 22. Qd4 Bf5 23. Qd2 b6 24. cxb6 Qxb6 25. Bd4 Qg6 26. Bc5 Bxc5 27. Rxc5 Rxc5 28. Nxc5 Rc8 29. Rc1 Qb6 30. Nb3 Re8 31. Qd4 Qxd4 32. Nxd4 Rxe5 33. Nxf5 Rxf5 34. Rc5 Re5 35. Kf1 Na2 36. Rxa5 Nc3 37. Bb5 Kf7 38. Bc6 Kf6 39. Rc5 d4 40. Rxe5 Kxe5 41. a5 Kd6 42. Be8 Kc5 43. Ke1 Nd5 44. Kd2 Nc7 45. Bd7 Nd5 46. Bc8 Nb4 47. Bd7 Nd5 48. f4 Nf6 49. Bc8 Nd5 50. a6 Kb6 51. Kd3 Ne7 52. Bb7 Nf5 53. g4 Nh6 54. h3 Nf7 55. Kxd4 Nd6 56. Kd5 Nb5 57. f5 Kc7 58. Ke6 Nd6 59. Bd5 Nc8 60. Kf7 1-0

[Event "Montreal Paques op"]
[Site "Montreal"]
[Date "2006.04.16"]
[Round "4"]
[White "Gadbois, Patrick"]
[Black "Kraiouchkine, Nikita"]
[Result "1-0"]
[WhiteElo "1893"]
[BlackElo "2112"]
[PlyCount "71"]
[EventDate "2006.04.14"]
[EventType "tourn"]
[EventRounds "5"]
[EventCountry "CAN"]
[SourceTitle "EXT 2007"]
[Source "ChessBase"]
[SourceDate "2006.11.23"]
[SourceVersion "1"]
[SourceVersionDate "2006.11.23"]
[SourceQuality "1"]

1. d4 d5 2. Nf3 Nf6 3. e3 c5 4. b3 Bf5 5. Bd3 Bg6 6. 0-0 e6 7. Bb2 cxd4 8. exd4 Bd6 9. Ne5 Nc6 10. Qe2 Qb6 11. Nxc6 bxc6 12. Nd2 Qc7 13. Nf3 Bh5 14. h3 Be7 15. c4 g5 16. Qe5 Qd8 17. Nxg5 Rg8 18. Nxh7 Bf3 19. g3 Nh5 20. c5 Bh4 21. Kh2 Qa5 22. Qe3 Nxg3 23. Rg1 Qc7 24. Nf6+ Kd8 25. Qe5 Qe7 26. Nxg8 Qb7 27. Qd6+ Ke8 28. fxg3 Rd8 29. Qf4 Qb4 30. Qxf3 Qd2+ 31. Qe2 Qg5 32. gxh4 Qf4+ 33. Kh1 Qxh4 34. Qg4 Qf2 35. Rg2 Qe3 36. Qg3 1-0

[Event "Montreal Paques op"]
[Site "Montreal"]
[Date "2006.04.15"]
[Round "3"]
[White "Anastasovski, Nikola"]
[Black "Gadbois, Patrick"]
[Result "1-0"]
[WhiteElo "2143"]
[BlackElo "1893"]
[PlyCount "61"]
[EventDate "2006.04.14"]
[EventType "tourn"]
[EventRounds "5"]
[EventCountry "CAN"]
[SourceTitle "EXT 2007"]
[Source "ChessBase"]
[SourceDate "2006.11.23"]
[SourceVersion "1"]
[SourceVersionDate "2006.11.23"]
[SourceQuality "1"]

1. e4 e6 2. d4 d5 3. e5 c5 4. c3 Nc6 5. Be3 Qb6 6. Qd2 cxd4 7. cxd4 Nge7 8. Nf3 Nf5 9. Bd3 Nxe3 10. fxe3 Be7 11. Nc3 Bd7 12. Rc1 Nb4 13. Be2 0-0 14. 0-0 Rac8 15. Rf2 f5 16. exf6 Bxf6 17. Rcf1 a6 18. a3 Nc6 19. Bd3 Be7 20. Bb1 Qc7 21. Qd3 g6 22. e4 dxe4 23. Nxe4 e5 24. dxe5 Nxe5 25. Qd5+ Nf7 26. Nfg5 Bc6 27. Qe6 Bxg5 28. Nxg5 Qe5 29. Rxf7 Qd4+ 30. Kh1 Rfe8 31. Re7+ 1-0

[Event "Quebec-ch qual 2000+"]
[Site "Montreal"]
[Date "2005.10.08"]
[Round "1"]
[White "Tomb, Maroun"]
[Black "Gadbois, Patrick"]
[Result "1-0"]
[WhiteElo "2093"]
[BlackElo "1939"]
[PlyCount "111"]
[EventDate "2005.10.08"]
[EventType "swiss"]
[EventRounds "5"]
[EventCountry "CAN"]
[SourceTitle "EXT 2022"]
[Source "ChessBase"]
[SourceDate "2021.10.06"]
[SourceVersion "1"]
[SourceVersionDate "2021.10.06"]
[SourceQuality "1"]

1. e4 e6 2. d4 d5 3. Nd2 dxe4 4. Nxe4 Bd7 5. Bd3 Bc6 6. Nf3 Nd7 7. 0-0 Ngf6 8. Nxf6+ Nxf6 9. Re1 Be7 10. c3 Bxf3 11. Qxf3 c6 12. Bg5 Qd5 13. Qxd5 Nxd5 14. Bxe7 Nxe7 15. g3 0-0-0 16. Be4 Rhe8 17. Re2 h6 18. f4 Nd5 19. Rae1 Nf6 20. Bf3 Kc7 21. Kf2 b6 22. g4 g6 23. Kg3 c5 24. dxc5 bxc5 25. Re5 Nd7 26. R5e4 Nb6 27. R1e2 Rd3 28. Kf2 Red8 29. f5 exf5 30. gxf5 R8d6 31. Re7+ Rd7 32. R7e5 c4 33. Rc5+ Kd8 34. Be4 R3d6 35. Re5 g5 36. Bf3 Nd5 37. Re8+ Kc7 38. R2e4 Nb6 39. R4e5 Rd2+ 40. Ke1 Na4 41. Ra5 Nxc3 42. Rxa7+ Kb6 43. Rxd7 Rxd7 44. bxc3 Rd3 45. Bh5 Rxc3 46. Bxf7 Kb5 47. Rb8+ Ka4 48. Bd5 Re3+ 49. Kf2 Re5 50. Bxc4 Rxf5+ 51. Kg3 Rc5 52. Bb3+ Ka3 53. Rh8 Rc3+ 54. Kg4 Rc6 55. Kh5 Rf6 56. Rxh6 1-0